Mest gjettet kommune per fylke i Norge - Statistics

General Stats
  • This quiz has been taken 44 times
  • The average score is 27 of 46
Answer Stats
Fylke Kommune Andel % Correct
Innlandet Os 100 %
95%
Oslo Oslo 94 %
95%
Vestland Bergen 94 %
89%
Rogaland 94 %
89%
Trøndelag Trondheim 88 %
89%
Viken Ål 94 %
87%
Troms og Finnmark Tromsø 84 %
87%
Nordland 94 %
84%
Nordland Bodø 78 %
84%
Agder Kristiansand 88 %
84%
Rogaland Stavanger 81 %
84%
Agder Arendal 75 %
76%
Viken Drammen 81 %
76%
Møre og Romsdal Ålesund 84 %
74%
Troms og Finnmark Alta 78 %
71%
Agder Grimstad 63 %
71%
Møre og Romsdal Molde 84 %
71%
Møre og Romsdal Kristiansund 88 %
68%
Rogaland Sandnes 75 %
68%
Viken Ås 97 %
66%
Innlandet Hamar 88 %
66%
Innlandet Lillehammer 84 %
66%
Viken Moss 81 %
63%
Rogaland Haugesund 81 %
61%
Trøndelag Steinkjer 69 %
55%
Troms og Finnmark Kautokeino 75 %
53%
Vestland Voss 88 %
53%
Agder Lillesand 69 %
50%
Viken Lillestrøm 84 %
50%
Agder Lindesnes 63 %
45%
Nordland Brønnøy 63 %
42%
Troms og Finnmark Harstad 81 %
42%
Nordland Narvik 75 %
42%
Nordland Rana 75 %
42%
Møre og Romsdal Sande 78 %
39%
Innlandet Kongsvinger 78 %
37%
Trøndelag Levanger 69 %
37%
Trøndelag Namsos 63 %
37%
Trøndelag Røros 63 %
37%
Innlandet Sel 81 %
32%
Troms og Finnmark Vardø 78 %
32%
Vestland Øygarden 66 %
26%
Møre og Romsdal Fjord 59 %
24%
Vestland Vik 66 %
21%
Rogaland Utsira 72 %
18%
Vestland Stryn 66 %
16%
No matching quizzes found
Score Distribution
Percent of People with Each Score
Percentile by Number Answered
Your Score History
You have not taken this quiz